| 000 | 00668nam a2200217 a 4500 | ||
|---|---|---|---|
| 001 | ES-MaREB00330666-4 | ||
| 003 | OSt | ||
| 005 | 20140626213004.0 | ||
| 008 | 020226s1961 mex spa | ||
| 040 |
_aBP-TE _cBMC |
||
| 082 | _a612.825 | ||
| 100 | 1 |
_912740 _aWalter, W. Grey _d1910-1977 |
|
| 245 | 1 | 3 |
_aEl cerebro viviente _cpor W. Grey Walter ; [traducción de Augusto Fernández Guardiola] |
| 250 | _a1ª ed | ||
| 260 |
_aMéxico _bFondo de Cultura Económica _c1961 |
||
| 300 |
_a294 p. _c18 cm |
||
| 490 |
_aBreviarios _v157 |
||
| 650 | 2 | 4 |
_aCerebro _910211 _xFisiología |
| 700 | 1 |
_912755 _aFernández Guardiola, Augusto _d1921-2004 |
|
| 942 |
_2ddc _cBK |
||
| 999 |
_c6567 _d6567 |
||